Diagnostic thoracic imaging
This well-illustrated resource utilizes a highly-practical pattern-recognition approach to detect and diagnose disease affecting the thoracic compartment. For radiologists, this unique approach which is not found in any other text, provides the clearest and most concise guidelines available for atta...
Na minha lista:
| Autor principal: | |
|---|---|
| Formato: | Livro |
| Idioma: | Undetermined |
| Publicado em: |
New York
McGraw-Hill Medical Pub. Division
2006
|
| Assuntos: | |
| Tags: |
Adicionar Tag
Sem tags, seja o primeiro a adicionar uma tag!
|
| Thư viện lưu trữ: | Trung tâm Học liệu Trường Đại học Cần Thơ |
|---|
| LEADER | 00974nam a2200217Ia 4500 | ||
|---|---|---|---|
| 001 | CTU_151089 | ||
| 008 | 210402s9999 xx 000 0 und d | ||
| 020 | |c 96.00 | ||
| 082 | |a 617.540754 | ||
| 082 | |b M652 | ||
| 100 | |a Miller, Wallace T. | ||
| 245 | 0 | |a Diagnostic thoracic imaging | |
| 245 | 0 | |c Wallace T. Miller | |
| 260 | |a New York | ||
| 260 | |b McGraw-Hill Medical Pub. Division | ||
| 260 | |c 2006 | ||
| 520 | |a This well-illustrated resource utilizes a highly-practical pattern-recognition approach to detect and diagnose disease affecting the thoracic compartment. For radiologists, this unique approach which is not found in any other text, provides the clearest and most concise guidelines available for attaining a diagnosis of the full-spectrum of diseases of the thoracic area. | ||
| 650 | |a Chest,Lung Diseases,Diagnostic Imaging | ||
| 650 | |x Imaging,Radiography,methods | ||
| 904 | |i Năm | ||
| 980 | |a Trung tâm Học liệu Trường Đại học Cần Thơ | ||